[Event "SH-ch Seniors op"]
[Site "Eckernfoerde"]
[Date "2012.09.29"]
[Round "1.20"]
[White "Hilbig, Klaus"]
[Black "Felser, Franz"]
[Result "1/2-1/2"]
[WhiteElo "1742"]
[BlackElo "2058"]
[PlyCount "40"]
[EventDate "2012.09.29"]
[EventType "swiss"]
[EventRounds "7"]
[EventCountry "GER"]
[SourceTitle "EXT 2022"]
[Source "ChessBase"]
[SourceDate "2021.10.06"]
[SourceVersion "1"]
[SourceVersionDate "2021.10.06"]
[SourceQuality "1"]

1. d4 Nf6 2. Nf3 d6 3. Nbd2 g6 4. e4 Bg7 5. c3 c6 6. Bc4 d5 7. exd5 cxd5 8. Bb5+ Bd7 9. Bd3 0-0 10. Ne5 Bc6 11. Nxc6 bxc6 12. 0-0 e6 13. Re1 Nbd7 14. Nf3 c5 15. Bg5 cxd4 16. Nxd4 Qb6 17. b4 Rfe8 18. Be3 Qb7 19. Bb5 Rec8 20. Qa4 Nb6 1/2-1/2

[Event "GER-chT Seniors 21st"]
[Site "Berlin"]
[Date "2012.09.16"]
[Round "7.48"]
[White "Felser, Franz"]
[Black "Krueger, Gerhard"]
[Result "1-0"]
[WhiteElo "1865"]
[BlackElo "1882"]
[PlyCount "59"]
[EventDate "2012.09.10"]
[EventType "team-swiss"]
[EventRounds "7"]
[EventCountry "GER"]
[SourceTitle "CBM 150 Extra"]
[Source "ChessBase"]
[SourceDate "2012.10.19"]
[SourceVersion "1"]
[SourceVersionDate "2012.10.19"]
[SourceQuality "1"]
[WhiteTeam "Schleswig Holstein Seniors II"]
[BlackTeam "Mecklenburg Vorpommern Seniors"]
[WhiteTeamCountry "GER"]
[BlackTeamCountry "GER"]

1. d4 d5 2. c4 e6 3. Nc3 Nf6 4. Bg5 Nbd7 5. Nf3 c6 6. e3 Be7 7. Qc2 0-0 8. Rd1 dxc4 9. Bxc4 b5 10. Bd3 Bb7 11. 0-0 Rc8 12. Ne5 a6 13. Nxd7 Nxd7 14. Bxh7+ Kh8 15. Bxe7 Qxe7 16. Be4 g6 17. Bf3 Kg7 18. g3 Rh8 19. Bg2 Rh7 20. e4 Rch8 21. h3 g5 22. Rfe1 Rh5 23. e5 R5h6 24. Qd2 Rg6 25. a3 Nb6 26. Ne4 Nd5 27. Nd6 Ba8 28. Rc1 f5 29. Bxd5 exd5 30. Nxf5+ 1-0

[Event "GER-chT Seniors 21st"]
[Site "Berlin"]
[Date "2012.09.14"]
[Round "5.56"]
[White "Nuenchert, Reinhard"]
[Black "Felser, Franz"]
[Result "0-1"]
[WhiteElo "1894"]
[BlackElo "1865"]
[PlyCount "114"]
[EventDate "2012.09.10"]
[EventType "team-swiss"]
[EventRounds "7"]
[EventCountry "GER"]
[SourceTitle "CBM 150 Extra"]
[Source "ChessBase"]
[SourceDate "2012.10.19"]
[SourceVersion "1"]
[SourceVersionDate "2012.10.19"]
[SourceQuality "1"]
[WhiteTeam "Brandenburg II"]
[BlackTeam "Schleswig Holstein Seniors II"]
[WhiteTeamCountry "GER"]
[BlackTeamCountry "GER"]

1. d4 d5 2. c3 Nf6 3. Nd2 e6 4. e3 c5 5. Bd3 Nbd7 6. Ngf3 Be7 7. 0-0 0-0 8. Re1 Qc7 9. e4 dxe4 10. Nxe4 Nxe4 11. Bxe4 Nf6 12. Bb1 b6 13. Qc2 Bb7 14. Ng5 g6 15. f3 Rfd8 16. dxc5 Bxc5+ 17. Kh1 Rac8 18. Ne4 Bxe4 19. fxe4 Ng4 20. g3 Bf2 21. Rf1 Qc4 22. Kg2 Be3 23. Re1 Qc5 24. Qe2 Bxc1 25. Rxc1 Qg5 26. Bd3 Rxd3 27. Qxd3 Rd8 28. h4 Ne3+ 29. Kf2 Qf6+ 30. Kxe3 Rxd3+ 31. Kxd3 Qf3+ 32. Kd4 Qxg3 33. Rf1 Qxh4 34. Rf3 f5 35. Re3 f4 36. Rf3 Qh5 37. Raf1 Qc5+ 38. Kd3 Qb5+ 39. Kc2 Qe2+ 40. Kb3 e5 41. R3f2 Qxe4 42. Rd1 b5 43. Rd8+ Kg7 44. a3 Qc4+ 45. Kc2 Qe4+ 46. Kb3 a5 47. Rd7+ Kh6 48. Rh2+ Kg5 49. Rdxh7 Qc4+ 50. Kc2 e4 51. b3 Qd3+ 52. Kb2 f3 53. R7h3 Qf1 54. Rg3+ Kf5 55. a4 bxa4 56. bxa4 f2 57. Re3 Kf4 0-1

[Event "GER-ch Seniors 23rd"]
[Site "Halle"]
[Date "2011.08.09"]
[Round "5"]
[White "Felser, Franz"]
[Black "Smits, Oswald"]
[Result "1/2-1/2"]
[WhiteElo "2058"]
[BlackElo "1862"]
[PlyCount "40"]
[EventDate "2011.08.05"]
[EventType "swiss"]
[EventRounds "9"]
[EventCountry "GER"]
[SourceTitle "CBM 144 Extra"]
[Source "ChessBase"]
[SourceDate "2011.10.28"]
[SourceVersion "1"]
[SourceVersionDate "2011.10.28"]
[SourceQuality "1"]

1. e4 c5 2. Nc3 Nc6 3. g3 Nf6 4. Bg2 e6 5. Nge2 Be7 6. 0-0 0-0 7. d4 cxd4 8. Nxd4 a6 9. Be3 Qc7 10. h3 d6 11. Nce2 Rd8 12. c4 Nxd4 13. Qxd4 Nd7 14. Rac1 b6 15. Rfd1 Rb8 16. Qd2 Bb7 17. b3 Nc5 18. Qc2 Rbc8 19. Nc3 Qb8 20. Rd2 Bf6 1/2-1/2

[Event "GER-ch Seniors 22nd"]
[Site "Berlin"]
[Date "2010.08.22"]
[Round "7"]
[White "Felser, Franz"]
[Black "Weller, Friedhelm"]
[Result "1-0"]
[WhiteElo "1926"]
[BlackElo "1685"]
[PlyCount "75"]
[EventDate "2010.08.16"]
[EventType "swiss"]
[EventRounds "9"]
[EventCountry "GER"]
[SourceTitle "CBM 138 Extra"]
[Source "ChessBase"]
[SourceDate "2010.10.29"]
[SourceVersion "1"]
[SourceVersionDate "2010.10.29"]
[SourceQuality "1"]

1. d4 d5 2. c4 e6 3. Nc3 h6 4. Nf3 Nf6 5. e3 Nc6 6. b3 Bb4 7. Bd2 Qe7 8. Be2 b6 9. cxd5 exd5 10. 0-0 0-0 11. Qc2 Nd8 12. Ne5 c5 13. f4 cxd4 14. exd4 Bxc3 15. Bxc3 Ne4 16. Bd3 Nxc3 17. Qxc3 Bb7 18. Rae1 Qd6 19. Qd2 Ne6 20. Bf5 Rfe8 21. g3 Nf8 22. Bh3 a5 23. Rc1 Re7 24. Rf2 f6 25. Nf3 Rae8 26. Bf1 Re3 27. Ne5 Rxg3+ 28. hxg3 fxe5 29. fxe5 Qg6 30. Rc7 Bc8 31. Bb5 Rd8 32. Bd3 Qg4 33. Be2 Qg6 34. Bf3 Ne6 35. Bxd5 Rxd5 36. Rxc8+ Kh7 37. Qc2 Nxd4 38. Rh8+ 1-0

[Event "GER-ch Seniors 22nd"]
[Site "Berlin"]
[Date "2010.08.20"]
[Round "5"]
[White "Felser, Franz"]
[Black "Bullert, Wolfgang"]
[Result "1-0"]
[WhiteElo "1926"]
[BlackElo "1762"]
[PlyCount "57"]
[EventDate "2010.08.16"]
[EventType "swiss"]
[EventRounds "9"]
[EventCountry "GER"]
[SourceTitle "CBM 138 Extra"]
[Source "ChessBase"]
[SourceDate "2010.10.29"]
[SourceVersion "1"]
[SourceVersionDate "2010.10.29"]
[SourceQuality "1"]

1. d4 d5 2. c4 e6 3. Nc3 c5 4. e3 Nc6 5. Nf3 Nf6 6. a3 cxd4 7. exd4 dxc4 8. Bxc4 a6 9. 0-0 b5 10. Ba2 Bb7 11. d5 exd5 12. Nxd5 Nxd5 13. Bxd5 Be7 14. Be3 0-0 15. b4 Na5 16. Bxb7 Nxb7 17. Qb3 Nd6 18. Rfd1 Qb8 19. Ne5 Qb7 20. Ra2 Rad8 21. Rad2 Bf6 22. Ng4 Be7 23. Ne5 Bf6 24. f4 Ne4 25. Rd7 Rxd7 26. Rxd7 Qc8 27. Rxf7 Kh8 28. Rxf8+ Qxf8 29. Nf7+ 1-0

[Event "GER-ch Seniors 22nd"]
[Site "Berlin"]
[Date "2010.08.17"]
[Round "2"]
[White "Reichel, Rolf"]
[Black "Felser, Franz"]
[Result "1/2-1/2"]
[WhiteElo "1622"]
[BlackElo "1926"]
[PlyCount "79"]
[EventDate "2010.08.16"]
[EventType "swiss"]
[EventRounds "9"]
[EventCountry "GER"]
[SourceTitle "CBM 138 Extra"]
[Source "ChessBase"]
[SourceDate "2010.10.29"]
[SourceVersion "1"]
[SourceVersionDate "2010.10.29"]
[SourceQuality "1"]

1. e4 c5 2. Nc3 Nc6 3. f4 e6 4. Nf3 g6 5. Be2 Bg7 6. 0-0 d6 7. d3 Nf6 8. Bd2 a6 9. Qe1 Qc7 10. Nd1 b5 11. c3 Bb7 12. a4 0-0 13. Ne3 h6 14. g4 Nh7 15. g5 h5 16. Nh4 Ne7 17. Qg3 d5 18. exd5 exd5 19. Bf3 d4 20. Bxb7 Qxb7 21. Nd1 Nc6 22. f5 Be5 23. Bf4 Bxf4 24. Qxf4 dxc3 25. bxc3 Rad8 26. Nf2 Qd7 27. Ne4 Qxd3 28. Nf6+ Kg7 29. axb5 Qxb5 30. Rae1 Qb8 31. Qe3 c4 32. Nxh7 Kxh7 33. Qe4 Qd6 34. Rd1 Qc5+ 35. Kg2 Kg8 36. fxg6 Qxg5+ 37. Kh3 Rxd1 38. gxf7+ Kg7 39. Rxd1 Rxf7 40. Rd5 1/2-1/2

[Event "Schleswig-Holstein-ch Seniors"]
[Site "Buesum"]
[Date "2010.03.31"]
[Round "7"]
[White "Salov, Sergej"]
[Black "Felser, Franz"]
[Result "1/2-1/2"]
[WhiteElo "2258"]
[BlackElo "2088"]
[PlyCount "36"]
[EventDate "2010.03.27"]
[EventType "swiss"]
[EventRounds "9"]
[EventCountry "GER"]
[SourceTitle "EXT 2023"]
[Source "ChessBase"]
[SourceDate "2022.10.05"]
[SourceVersion "1"]
[SourceVersionDate "2022.10.05"]
[SourceQuality "1"]

1. Nf3 Nf6 2. g3 e6 3. Bg2 d5 4. 0-0 Be7 5. d3 c5 6. Nbd2 Nc6 7. e4 0-0 8. Re1 Rb8 9. Qe2 b5 10. e5 Ne8 11. Nf1 a5 12. h4 b4 13. h5 Ba6 14. Bf4 Kh8 15. N1h2 Nc7 16. Qd2 a4 17. h6 g6 18. Ng4 Rb7 1/2-1/2

[Event "GER-chT Seniors 18th"]
[Site "Finsterbergen"]
[Date "2009.09.18"]
[Round "7"]
[White "Schmidt, Lothar"]
[Black "Felser, Franz"]
[Result "1/2-1/2"]
[WhiteElo "2087"]
[BlackElo "2068"]
[PlyCount "55"]
[EventDate "2009.09.12"]
[EventType "team-swiss"]
[EventRounds "7"]
[EventCountry "GER"]
[SourceTitle "CBM 132 Extra"]
[Source "ChessBase"]
[SourceDate "2009.11.03"]
[SourceVersion "1"]
[SourceVersionDate "2009.11.03"]
[SourceQuality "1"]

1. d4 d5 2. Nf3 Nf6 3. Bf4 c5 4. e3 e6 5. Nbd2 Nc6 6. c3 Bd6 7. Bg3 0-0 8. Bd3 b6 9. Ne5 Bb7 10. Ndf3 Rc8 11. Bh4 Be7 12. Nxc6 Bxc6 13. Ne5 Bb7 14. Bg3 c4 15. Bc2 b5 16. a3 a5 17. Ng4 Qb6 18. Be5 Nxg4 19. Qxg4 g6 20. 0-0 Ra8 21. h4 f5 22. Qg3 Bf6 23. h5 Bxe5 24. Qxe5 Bc8 25. hxg6 hxg6 26. Qg3 Kf7 27. Qh4 Rg8 28. f4 1/2-1/2

[Event "Schleswig Holstein-ch Seniors"]
[Site "Germany"]
[Date "2009.??.??"]
[Round "5"]
[White "Gehrmann, Dorit"]
[Black "Felser, Franz"]
[Result "1/2-1/2"]
[WhiteElo "1975"]
[BlackElo "2065"]
[PlyCount "32"]
[EventDate "2009.??.??"]
[EventType "swiss"]
[EventRounds "7"]
[EventCountry "GER"]
[SourceTitle "EXT 2011"]
[Source "ChessBase"]
[SourceDate "2010.11.26"]
[SourceVersion "1"]
[SourceVersionDate "2010.11.26"]
[SourceQuality "1"]

1. e4 c5 2. Nf3 Nc6 3. d4 cxd4 4. Nxd4 Qb6 5. Nb3 Nf6 6. Nc3 e6 7. Be3 Qc7 8. Be2 a6 9. a3 b5 10. 0-0 Bb7 11. f4 d6 12. Bf3 Be7 13. Qe1 0-0 14. Rd1 Rad8 15. Qf2 Nd7 16. Ne2 Bf6 1/2-1/2

[Event "GER-chT Seniors 17th"]
[Site "Berlin"]
[Date "2008.09.05"]
[Round "6"]
[White "Roedel, Egmar"]
[Black "Felser, Franz"]
[Result "1/2-1/2"]
[WhiteElo "1881"]
[BlackElo "2076"]
[PlyCount "164"]
[EventDate "2008.08.31"]
[EventType "team-swiss"]
[EventRounds "7"]
[EventCountry "GER"]
[SourceTitle "CBM 126 Extra"]
[Source "ChessBase"]
[SourceDate "2008.11.05"]
[SourceVersion "1"]
[SourceVersionDate "2008.11.05"]
[SourceQuality "1"]

1. d4 e6 2. Nf3 Nf6 3. Bg5 d5 4. e3 Nbd7 5. c4 c6 6. Nc3 Qa5 7. Nd2 Bb4 8. Qc2 dxc4 9. Bxf6 Nxf6 10. Nxc4 Qc7 11. a3 Bxc3+ 12. bxc3 0-0 13. Bd3 b5 14. Ne5 Bb7 15. 0-0 a6 16. c4 Rac8 17. Rfc1 Qe7 18. c5 Rcd8 19. Rab1 h6 20. Qe2 Nd7 21. f4 Nxe5 22. fxe5 f5 23. Qh5 Qf7 24. Qxf7+ Rxf7 25. Rf1 g5 26. Rbd1 Kg7 27. g3 f4 28. gxf4 gxf4 29. Kf2 fxe3+ 30. Kxe3 Rxf1 31. Rxf1 Rh8 32. Rf6 Bc8 33. h4 h5 34. Rg6+ Kf7 35. Rg5 a5 36. Be4 Bd7 37. Bf3 b4 38. axb4 axb4 39. Kd3 Ke7 40. Bxh5 Rb8 41. Kc2 b3+ 42. Kb2 Rb4 43. Rg4 Bc8 44. Rf4 Ba6 45. Bd1 Bd3 46. h5 Bc4 47. h6 Rb8 48. h7 Rh8 49. Rh4 Bd3 50. Bxb3 Rxh7 51. Rxh7+ Bxh7 52. Kc3 Be4 53. Kb4 Kd7 54. Bc4 Bf5 55. Ka5 Kc7 56. Be2 Bh3 57. Kb4 Bf5 58. Bf3 Bh3 59. Kc3 Bf5 60. Kd2 Kd7 61. Ke3 Bc2 62. Kf4 Ba4 63. Kg5 Ke7 64. Be2 Bc2 65. Kf4 Bb3 66. Bf3 Ba4 67. Ke3 Kd7 68. Be2 Ke7 69. Kd2 Kd7 70. Kc3 Kc7 71. Kb4 Bc2 72. Bg4 Kd7 73. Ka5 Be4 74. Kb6 Bd5 75. Be2 Be4 76. Kb7 Bd5 77. Kb8 Be4 78. Ba6 Kd8 79. Bc4 Kd7 80. Kb7 Bf3 81. Kb8 Be4 82. Bb3 Bf3 1/2-1/2

[Event "GER-chT Seniors 17th"]
[Site "Berlin"]
[Date "2008.09.02"]
[Round "3"]
[White "Felser, Franz"]
[Black "Niebuhr, Gerd"]
[Result "1/2-1/2"]
[WhiteElo "2076"]
[BlackElo "2062"]
[PlyCount "44"]
[EventDate "2008.08.31"]
[EventType "team-swiss"]
[EventRounds "7"]
[EventCountry "GER"]
[SourceTitle "CBM 126 Extra"]
[Source "ChessBase"]
[SourceDate "2008.11.05"]
[SourceVersion "1"]
[SourceVersionDate "2008.11.05"]
[SourceQuality "1"]

1. e4 e5 2. Nf3 Nc6 3. Bb5 a6 4. Ba4 d6 5. d3 Nf6 6. 0-0 Be7 7. c3 0-0 8. Re1 b5 9. Bc2 d5 10. Nbd2 dxe4 11. dxe4 Bc5 12. h3 Re8 13. Nf1 h6 14. Be3 Qe7 15. b4 Bd6 16. a4 Be6 17. Ng3 Qd7 18. Qe2 Bc4 19. Bd3 Bxd3 20. Qxd3 Ne7 21. Red1 Qc6 22. axb5 axb5 1/2-1/2

[Event "EU-chT Seniors 10th"]
[Site "Dresden"]
[Date "2008.02.17"]
[Round "7.2"]
[White "Titz, Heimo"]
[Black "Felser, Franz"]
[Result "1-0"]
[WhiteElo "2205"]
[BlackElo "2037"]
[PlyCount "107"]
[EventDate "2008.02.11"]
[EventType "team-swiss"]
[EventRounds "9"]
[EventCountry "GER"]
[SourceTitle "CBM 122 Extra"]
[Source "ChessBase"]
[SourceDate "2008.03.04"]
[SourceVersion "1"]
[SourceVersionDate "2008.03.04"]
[SourceQuality "1"]
[WhiteTeam "Wien"]
[BlackTeam "Schleswig Holstein"]
[WhiteTeamCountry "AUT"]
[BlackTeamCountry "GER"]

1. c4 Nf6 2. Nc3 e6 3. d4 d5 4. cxd5 exd5 5. Bg5 Be7 6. e3 Nbd7 7. Qc2 0-0 8. Nf3 Re8 9. Bd3 c6 10. 0-0 h6 11. Bh4 Ne4 12. Bxe7 Qxe7 13. Bxe4 dxe4 14. Nd2 Nf6 15. Rae1 Be6 16. Ncxe4 Nxe4 17. Qxe4 Qb4 18. Qc2 Rad8 19. a3 Qa5 20. Rc1 c5 21. Nf3 cxd4 22. Nxd4 Rc8 23. Qe2 Bd7 24. Rfd1 Ba4 25. b3 Bd7 26. a4 Rc3 27. Rxc3 Qxc3 28. Qd2 Qxd2 29. Rxd2 Rc8 30. Rc2 Rxc2 31. Nxc2 Kf8 32. Kf1 Ke7 33. Ke2 Kd6 34. Kd3 f5 35. f3 a6 36. Nd4 g6 37. h4 b6 38. g3 g5 39. hxg5 hxg5 40. e4 fxe4+ 41. fxe4 g4 42. Nf5+ Ke5 43. Ke3 Bc6 44. Nh6 Bd7 45. Kd3 Be6 46. b4 b5 47. a5 Bc4+ 48. Ke3 Be6 49. Nf5 Bc8 50. Ne7 Bb7 51. Ng6+ Kf6 52. Nf4 Ke5 53. Nd3+ Kd6 54. Kd4 1-0

[Event "EU-chT Seniors 10th"]
[Site "Dresden"]
[Date "2008.02.14"]
[Round "4.2"]
[White "Felser, Franz"]
[Black "Nordstrom, Felix"]
[Result "1/2-1/2"]
[WhiteElo "2037"]
[BlackElo "2198"]
[PlyCount "59"]
[EventDate "2008.02.11"]
[EventType "team-swiss"]
[EventRounds "9"]
[EventCountry "GER"]
[SourceTitle "CBM 122 Extra"]
[Source "ChessBase"]
[SourceDate "2008.03.04"]
[SourceVersion "1"]
[SourceVersionDate "2008.03.04"]
[SourceQuality "1"]
[WhiteTeam "Schleswig Holstein"]
[BlackTeam "Sweden"]
[WhiteTeamCountry "GER"]
[BlackTeamCountry "SWE"]

1. Nf3 d5 2. g3 g6 3. Bg2 Bg7 4. d3 e5 5. 0-0 Ne7 6. e4 0-0 7. exd5 Nxd5 8. Nbd2 Nc6 9. Re1 Re8 10. c3 Bf5 11. Ne4 h6 12. h3 Rb8 13. a4 a5 14. Qc2 b6 15. b3 Qd7 16. Kh2 Rbd8 17. Ba3 Be6 18. Rad1 f5 19. Ned2 Nxc3 20. Rc1 Nb4 21. Bxb4 axb4 22. Nxe5 Bxe5 23. Rxe5 Qxd3 24. Qxd3 Rxd3 25. Bc6 Re7 26. Nc4 Kf7 27. Rce1 Kf6 28. Kg1 Ne4 29. Bxe4 fxe4 30. R5xe4 1/2-1/2

[Event "EU-chT Seniors 10th"]
[Site "Dresden"]
[Date "2008.02.11"]
[Round "1.2"]
[White "Kristiansen, Erling"]
[Black "Felser, Franz"]
[Result "0-1"]
[WhiteElo "2253"]
[BlackElo "2037"]
[PlyCount "68"]
[EventDate "2008.02.11"]
[EventType "team-swiss"]
[EventRounds "9"]
[EventCountry "GER"]
[SourceTitle "CBM 122 Extra"]
[Source "ChessBase"]
[SourceDate "2008.03.04"]
[SourceVersion "1"]
[SourceVersionDate "2008.03.04"]
[SourceQuality "1"]
[WhiteTeam "Norway"]
[BlackTeam "Schleswig Holstein"]
[WhiteTeamCountry "NOR"]
[BlackTeamCountry "GER"]

1. e4 c5 2. Nf3 Nc6 3. d4 cxd4 4. c3 d5 5. exd5 Qxd5 6. cxd4 e5 7. Nc3 Bb4 8. Bd2 Bxc3 9. Bxc3 e4 10. Ne5 Nxe5 11. dxe5 Ne7 12. Qa4+ Bd7 13. Qb4 Qc6 14. Rd1 Nd5 15. Qxe4 Nxc3 16. Qxc6 Bxc6 17. bxc3 0-0 18. f4 Rfe8 19. Kf2 g5 20. Bc4 gxf4 21. Rhe1 Re7 22. Rd4 Kg7 23. Rxf4 Rd8 24. Re2 Rd1 25. Rg4+ Kf8 26. Rd4 Rc1 27. Rd3 Rc7 28. Rde3 Bxg2 29. Bb3 Bf1 30. Rb2 b6 31. Bc2 Ba6 32. Bxh7 f5 33. Rh3 Rf1+ 34. Ke3 Rxc3+ 0-1

[Event "EU-chT Seniors 09th"]
[Site "Dresden"]
[Date "2007.02.19"]
[Round "4"]
[White "Felser, Franz"]
[Black "Flotten, Erling"]
[Result "1-0"]
[WhiteElo "2041"]
[BlackElo "1584"]
[PlyCount "61"]
[EventDate "2007.02.16"]
[EventType "team-swiss"]
[EventRounds "9"]
[EventCountry "GER"]
[SourceTitle "CBM 117 Extra"]
[Source "ChessBase"]
[SourceDate "2007.05.09"]
[SourceVersion "1"]
[SourceVersionDate "2007.05.09"]
[SourceQuality "1"]

1. d4 d5 2. c4 Nf6 3. cxd5 Nxd5 4. Nf3 Bf5 5. Nc3 e6 6. Bg5 Be7 7. Bxe7 Qxe7 8. e3 Qb4 9. Qd2 Nxc3 10. bxc3 Qd6 11. Bd3 Bxd3 12. Qxd3 h6 13. 0-0 0-0 14. e4 Nd7 15. e5 Qc6 16. Rfe1 Rad8 17. Rab1 b6 18. Qc2 f6 19. exf6 Rxf6 20. Re3 Rdf8 21. Rbe1 g5 22. h3 Kg7 23. Qe2 Re8 24. c4 Nf8 25. Ne5 Qd6 26. Ng4 Rg6 27. d5 a5 28. Qb2+ Kf7 29. Ne5+ Kg8 30. Nxg6 Nxg6 31. Rxe6 1-0